[Event "Osijek"]
[Site "Osijek"]
[Date "1993.??.??"]
[Round "10"]
[White "Berebora, Ferenc"]
[Black "Dizdarevic, Emir"]
[Result "0-1"]
[WhiteElo "2425"]
[BlackElo "2540"]

1.d4 g6 2.e4 Bg7 3.Nc3 d6 4.f4 c6 5.Nf3 Bg4 6.Be3 Qa5 7.h3 Bxf3 8.Qxf3 Nd7
9.e5 e6 10.Bd2 Bf8 11.Nb5 Qb6 12.Nxd6+ Bxd6 13.exd6 Qxb2 14.Bc3 Qb6 15.d5 Ngf6
16.dxe6 fxe6 17.Bc4 O-O-O 18.O-O-O Rhe8 19.Rhe1 Nd5 20.Bxd5 cxd5 21.Be5 Rf8
22.Qc3+ Qc6 23.Re3 Kb8 24.Qxc6 bxc6 25.c4 dxc4 26.Re4 Kb7 27.Rxc4 c5 28.Re4 Kc6
29.Ra4 Ra8 30.Re4 Rf7 31.g3 Re8 32.h4 Rb8 33.Bc3 Re8 34.Be5 Nb6 35.Rh1 Rg8
36.Rh2 Nc8 37.Rd2 Rd7 38.Bf6 Rxd6 39.Rde2 Re8 40.Be5 Rd3 41.g4 Nb6 42.Bb2 Kd7
43.f5 gxf5 44.gxf5 Rf3 45.fxe6+ Kc6 46.e7 Nd5 47.Re6+ Kb5 48.Bg7 Nf4 49.Rb2+ Ka5
50.Rb8 Rxb8 51.e8=Q Rxe8 52.Rxe8 Kb5 53.Bh6 Rf1+ 54.Kd2 Rf2+ 55.Kd1 Nd5 56.Bd2 Kc4
57.Rd8 Rh2 58.Bg5 h6 59.Bxh6 Nc3+ 60.Ke1 Rxh4 61.Bd2 Rh1+ 62.Kf2 Ra1 63.Ke3 Rxa2
64.Rb8 a5 65.Rc8 Nd5+ 66.Ke2 a4  0-1

[Event "Oviedo rapid"]
[Site "Oviedo"]
[Date "1993.??.??"]
[Round "4"]
[White "Aguera Naredo, Javier"]
[Black "Conquest, Stuart"]
[Result "0-1"]
[WhiteElo "2275"]
[BlackElo "2485"]

1.e4 g6 2.d4 d6 3.Nc3 Bg7 4.g3 Na6 5.Bg2 c5 6.Nge2 Nf6 7.O-O O-O 8.h3 Rb8
9.Be3 b6 10.g4 Nc7 11.e5 dxe5 12.dxe5 Qxd1 13.Raxd1 Nd7 14.f4 g5 15.e6 fxe6
16.fxg5 Rxf1+ 17.Rxf1 Ba6 18.Rd1 Ne5 19.Bf4 Rc8 20.Re1 Nc4 21.b3 Na3 22.Be4 b5
23.Be3 b4 24.Na4 Nd5 25.Bxc5 Bxe2 26.Rxe2 Rxc5 27.Nxc5 Bd4+ 28.Kf1 Bxc5 29.Bd3 Ne3+
30.Ke1 Nb1 31.Bc4 Kf7 32.Rf2+ Kg6 33.Bd3+ Kxg5 34.Rf7 h6 35.Rg7+ Kf4 36.Rg6 e5
37.c4 Nc3 38.Rxh6 Nxa2 39.Rc6 Nc1 40.Be2 Nxb3 41.h4 Ng2+ 42.Kf1 Nxh4  0-1

[Event "Oviedo rapid"]
[Site "Oviedo"]
[Date "1993.??.??"]
[Round "5"]
[White "Sion Castro, Marcelino"]
[Black "Krasenkow, Michal"]
[Result "1/2-1/2"]
[WhiteElo "2385"]
[BlackElo "2595"]

1.e4 g6 2.d4 Bg7 3.Nc3 d6 4.Be3 c6 5.Qd2 b5 6.Bd3 e5 7.dxe5 dxe5 8.Nf3 Qe7
9.a4 b4 10.Na2 a5 11.c3 Ba6 12.cxb4 Bxd3 13.Qxd3 axb4 14.Qc2 Nf6 15.Nc1 Qe6
16.O-O O-O 17.Bc5 Rd8 18.Bxb4 Na6 19.Bc3 Nc5 20.Re1 Nh5 21.b4 Nf4 22.bxc5 Qg4
23.g3 Qxf3 24.gxf4 Qg4+ 25.Kh1 Qf3+ 26.Kg1 Qg4+ 27.Kh1  1/2-1/2

[Event "Oviedo rapid"]
[Site "Oviedo"]
[Date "1993.??.??"]
[Round "6"]
[White "Westerinen, Heikki MJ"]
[Black "Kakageldyev, Amanmurad"]
[Result "0-1"]
[WhiteElo "2385"]
[BlackElo "2465"]

1.e4 g6 2.d4 Bg7 3.Nc3 d6 4.Be3 c6 5.a4 Nf6 6.h3 Nbd7 7.a5 O-O 8.Nf3 Qc7
9.Be2 e5 10.dxe5 dxe5 11.Nd2 Rd8 12.O-O Nf8 13.f4 exf4 14.Bxf4 Qe7 15.Qe1 Ne6
16.Be3 Nd4 17.Bd3 Nd7 18.Qg3 Ne5 19.Bg5 f6 20.Bf4 Nxd3 21.cxd3 g5 22.Bc7 Rd7
23.Bb8 Rd8 24.Bc7 Rd7 25.Bb8 Nc2 26.Rac1 Nb4 27.Nd5 Nxd5 28.exd5 Rxd5 29.Ne4 Bf5
30.Nd6 Bg6 31.Ne4 Rd8 32.Bd6 Qe6 33.Bc7 Rf8 34.Nc5 Qd5 35.Nxb7 Qxd3 36.Qxd3 Bxd3
37.Rfd1  0-1

[Event "Oviedo rapid"]
[Site "Oviedo"]
[Date "1993.??.??"]
[Round "10"]
[White "Izeta Txabarri, Felix"]
[Black "Martinez, F."]
[Result "1-0"]
[WhiteElo "2510"]
[BlackElo "2160"]

1.d4 g6 2.e4 Bg7 3.Nc3 d6 4.Be3 Nf6 5.Qd2 c6 6.Bh6 Bxh6 7.Qxh6 Qa5 8.Bd3 b5
9.Nf3 b4 10.Ne2 Bg4 11.Nd2 Bxe2 12.Kxe2 Nbd7 13.Rhd1 Qh5+ 14.Qxh5 Nxh5 15.a3 Nf4+
16.Ke3 Nxd3 17.Kxd3 c5 18.axb4 cxd4 19.Kxd4 O-O 20.c3 f5 21.f3 Nb6 22.Kd3 d5
23.exf5 gxf5 24.f4 Kf7 25.Re1 Rg8 26.g3 Kf6 27.Ra6 e6 28.Rea1 Nc8 29.Nf3 Rb8
30.Ng5 Re8 31.Nxh7+ Kg6 32.Ng5 Rb6 33.Rxb6 axb6 34.Nf3 Re7 35.Ra8 Rc7 36.Nd4 Kf6
37.Nb5 Rc6 38.Na7 Nxa7 39.Rxa7 Rc8 40.b3 Rh8 41.Ra2 b5 42.c4 e5 43.fxe5+ Kxe5
44.Re2+ Kd6 45.c5+ Kc6 46.Kd4  1-0

[Event "Pamplona9394"]
[Site "Pamplona"]
[Date "1993.??.??"]
[Round "4"]
[White "Magem Badals, Jorge"]
[Black "Izeta Txabarri, Felix"]
[Result "1-0"]
[WhiteElo "2505"]
[BlackElo "2510"]

1.e4 d6 2.d4 g6 3.Nc3 Bg7 4.Be3 Nf6 5.f3 c6 6.Qd2 b5 7.g4 h5 8.g5 Nfd7 9.f4 Bb7
10.Bg2 Nb6 11.b3 N8d7 12.Nh3 O-O 13.f5 Re8 14.O-O e5 15.d5 Qc7 16.dxc6 Bxc6
17.Rad1 Bf8 18.Qf2 Nc5 19.Nd5 Bxd5 20.exd5 Rad8 21.Kh1 Nc8 22.c3 Bg7 23.Qc2 Kh7
24.Bxc5 dxc5 25.Be4 Rd6 26.fxg6+ fxg6 27.Rf6 Kg8 28.Bxg6 Re7 29.Rff1 Nb6
30.c4 bxc4 31.bxc4 Qc8 32.Bf5 Qa6 33.Rc1 Qa3 34.Qe4 Rd8 35.Rc2 Rf8 36.Rcf2 Kh8
37.Qe2 Rxf5 38.Qxh5+ Kg8 39.Rxf5 Nxc4 40.g6  1-0

[Event "Pardubice op"]
[Site "Pardubice"]
[Date "1993.??.??"]
[Round "1"]
[White "Bednar, Jaromir"]
[Black "Kirpichnikov, Vladimir S"]
[Result "0-1"]
[WhiteElo "2190"]
[BlackElo "2390"]

1.e4 d6 2.d4 g6 3.Nc3 Bg7 4.f4 Nc6 5.Be3 Nf6 6.Nf3 O-O 7.Bd3 Ng4 8.Bg1 e5
9.dxe5 dxe5 10.h3 Nf6 11.Bc5 Re8 12.Qd2 exf4 13.Qxf4 Nh5 14.Qd2 Ng3 15.O-O-O Nxh1
16.Rxh1 Ne5 17.h4 Bg4 18.Nh2 Be6 19.Nf3 Qf6 20.Be3 Nxf3 21.gxf3 Qxf3 22.Rf1 Qh3
23.Qe1 c6 24.Rh1 Qf3 25.Bg5 h6 26.Rf1 Qh5 27.Be2 Bg4 28.Bc4 hxg5 29.Bxf7+ Kh7
30.Rh1 Rf8 31.hxg5 Rxf7 32.Rxh5+ Bxh5 33.Ne2 Be5 34.c3 Raf8 35.Kd2 Rf2  0-1

[Event "Pardubice op"]
[Site "Pardubice"]
[Date "1993.??.??"]
[Round "1"]
[White "Dobrowolski, Piotr"]
[Black "Vokac, Marek"]
[Result "0-1"]
[WhiteElo "2240"]
[BlackElo "2465"]

1.e4 g6 2.d4 Bg7 3.Nc3 d6 4.h3 a6 5.a4 b6 6.Nf3 c5 7.Be3 Bb7 8.a5 Nd7 9.Bc4 cxd4
10.Bxd4 Ngf6 11.axb6 O-O 12.O-O Nxb6 13.Bd5 Nbxd5 14.exd5 e5 15.dxe6 fxe6
16.Ng5 Qd7 17.f3 e5 18.Bf2 d5 19.h4 h6 20.Nh3 Bc6 21.Bc5 Rfc8 22.Ba3 d4 23.Nb1 Nd5
24.Rf2 Ne3 25.Qd3 Qe6 26.Nd2 Bb5 27.Qb3 Qxb3 28.cxb3 Rc6 29.Ne4 Rac8 30.g3 Rc1+
31.Rxc1 Rxc1+ 32.Kh2 Bc6  0-1

[Event "Pardubice op"]
[Site "Pardubice"]
[Date "1993.??.??"]
[Round "3"]
[White "Chytilek, Roman"]
[Black "Kirpichnikov, Vladimir S"]
[Result "0-1"]
[WhiteElo "2265"]
[BlackElo "2390"]

1.e4 g6 2.d4 Bg7 3.Nc3 d6 4.Nf3 Nf6 5.Bc4 O-O 6.Qe2 c6 7.e5 dxe5 8.dxe5 Nd5
9.Bd2 Bf5 10.O-O-O Qc7 11.Nd4 Nxc3 12.Bxc3 Bc8 13.f4 b5 14.Bd3 a6 15.Nf3 Nd7
16.Qf2 Rb8 17.h4 b4 18.Bd2 c5 19.b3 c4 20.Bxc4 Nb6 21.Bd3 Nd5 22.Kb1 Bg4
23.h5 gxh5 24.Rde1 Nc3+ 25.Bxc3 bxc3 26.Qe3 Qa5 27.Ng5 h6 28.Ne4 Rfc8 29.Ng3 Rb4
30.Ka1 Qa3 31.Qc1 Qxc1+ 32.Rxc1 Rxf4 33.Nxh5 Bxh5 34.Rxh5 Rc6 35.a4 e6 36.Rd1 Kf8
37.Rh3 Ke7 38.Bc4 Bxe5 39.Rxh6 Rf2 40.Bd3 Rxg2 41.Rh5 Rd2 42.Rf1 f5 43.Re1 Rxd3
44.Rxe5 Rd1+ 45.Ka2 Rd2 46.Rhxf5 Rxc2+ 47.Ka3 Kd6 48.Rh5 Rc1 49.Kb4 Rd1  0-1

[Event "World op"]
[Site "Philadelphia"]
[Date "1993.??.??"]
[Round "?"]
[White "Sherzer, Alex"]
[Black "Zlotnikov, Mikhail"]
[Result "1/2-1/2"]
[WhiteElo "2500"]
[BlackElo "2395"]

1.e4 g6 2.d4 Bg7 3.Nc3 d6 4.Be3 Nf6 5.Qd2 Ng4 6.Bg5 h6 7.Bh4 c5 8.dxc5 dxc5
9.Qxd8+ Kxd8 10.O-O-O+ Bd7 11.Nf3 Ne5 12.Nd5 g5 13.Bg3 Nbc6 14.Bb5 Nxf3 15.gxf3 Nd4
16.Bxd7 Kxd7 17.Nc7 Rac8 18.c3 Rxc7 19.Bxc7 Kxc7 20.cxd4 Bxd4 21.Rdf1 Kd6
22.h4 f6 23.hxg5 fxg5 24.Rh5 Ke5 25.Kd2 c4 26.b3 cxb3 27.axb3 Kf6 28.f4 Kg6
29.Rfh1 gxf4 30.Ke2 Bf6 31.Rb5 b6 32.Kf3 Bg5 33.Ra1 Rc8 34.Rxa7 Rc3+ 35.Kg2 Kh5
36.e5 Kg4 37.Ra4 Rc2 38.Rc4 Rb2 39.Rc3 Kf5 40.Kf3 Bh4 41.e6+ Kf6 42.Kxf4 Bxf2
43.Rh5 Kxe6 44.Rh2 Bd4 45.Rxb2 Bxc3 46.Rc2 Be5+ 47.Ke4 Bd6 48.Rc8 Kf6 49.Rc6 b5
50.b4 Kf7 51.Rb6 Bxb4 52.Rxb5  1/2-1/2

[Event "World op"]
[Site "Philadelphia"]
[Date "1993.??.??"]
[Round "1"]
[White "Tamarkin, Larry S"]
[Black "Fedorov, Alexei"]
[Result "1/2-1/2"]
[WhiteElo "2195"]
[BlackElo "2490"]

1.e4 g6 2.d4 Bg7 3.Nc3 d6 4.Nf3 Nf6 5.Be2 O-O 6.O-O c6 7.a4 Nbd7 8.Re1 Qc7
9.Bf1 e5 10.Bg5 Re8 11.Qd2 Nf8 12.h3 Ne6 13.Be3 Bd7 14.a5 exd4 15.Nxd4 Nc5
16.f3 Ne6 17.Nb3 Nh5 18.g4 Nf6 19.Rad1 d5 20.exd5 Nxd5 21.Nxd5 cxd5 22.Qf2 Bxb2
23.Rxd5 Bc6 24.c4 Bf6 25.Rc1 Nf4 26.Rdd1 Ba4 27.Rb1 Bh4 28.Qd2 Bg5 29.Kh1 Rad8
30.Bxf4 Bxf4 31.Qb4 Bc6 32.Bg2 Be3 33.Qc3 Rxd1+ 34.Rxd1 Qg3 35.Qe1 Qf4 36.Qf1 Ba4
37.Rb1 Rc8 38.c5 Bxb3 39.Rxb3 Rxc5 40.Rb1  1/2-1/2

[Event "RUS-chT"]
[Site "Podolsk"]
[Date "1993.??.??"]
[Round "?"]
[White "Rogovskoy, Alexander"]
[Black "Zhidkov, Valery S"]
[Result "1/2-1/2"]
[WhiteElo "2275"]
[BlackElo "2420"]

1.e4 d6 2.d4 g6 3.Nc3 Bg7 4.Be3 c6 5.Qd2 b5 6.Bd3 a6 7.Nce2 Nd7 8.a4 Bb7
9.Nf3 Ngf6 10.c3 O-O 11.Bh6 c5 12.Bxg7 Kxg7 13.Ng3 e6 14.O-O Bc6 15.axb5 axb5
16.Qf4 Qc7 17.e5 dxe5 18.dxe5 Nd5 19.Nh5+ gxh5 20.Qg5+ Kh8 21.Bxh7 Nxe5 22.Nxe5 Kxh7
23.Qxh5+  1/2-1/2

[Event "RUS-chT"]
[Site "Podolsk"]
[Date "1993.??.??"]
[Round "?"]
[White "Semeniuk, Alexander A"]
[Black "Glyanets, Alexander"]
[Result "1-0"]
[WhiteElo "2370"]
[BlackElo "2385"]

1.e4 g6 2.d4 Bg7 3.Nc3 d6 4.Be3 c6 5.Nf3 Nf6 6.h3 O-O 7.a4 d5 8.e5 Ne4 9.Nxe4 dxe4
10.Ng5 c5 11.dxc5 Qc7 12.Bc4 Nc6 13.Nxe4 Nxe5 14.Bb3 Rd8 15.Qe2 Qc6 16.f3 Bf5
17.Nd2 Nd7 18.Qb5 Qc7 19.g4 Bxb2 20.Rd1 Bc3 21.gxf5 Qg3+ 22.Ke2 Ne5 23.Rhf1 Bxd2
24.Rxd2 Rxd2+ 25.Bxd2 Rd8 26.Bc3 Qg2+ 27.Rf2 Qh1 28.Bxe5 Qd1+ 29.Ke3 Qc1+
30.Ke4 gxf5+ 31.Kxf5 Qg1 32.Qf1 Qg6+ 33.Kf4 Qh6+ 34.Ke4 Qc6+ 35.Ke3  1-0

[Event "RL-chC"]
[Site "Polch"]
[Date "1993.??.??"]
[Round "?"]
[White "Pax, Horst"]
[Black "Buerger, Helmut"]
[Result "1-0"]
[WhiteElo "2005"]
[BlackElo "1945"]

1.e4 g6 2.d4 Bg7 3.Nc3 d6 4.f4 Nf6 5.Nf3 O-O 6.Bd3 c5 7.dxc5 dxc5 8.O-O e6
9.Kh1 a6 10.a4 Qc7 11.Qe1 Nc6 12.Qh4 Nb4 13.e5 Nfd5 14.Be4 Bd7 15.Qf2 Rfd8
16.Nd1 Bf8 17.c3 Nc6 18.Ne3 Nce7 19.Ng4 h5 20.Nf6+ Nxf6 21.exf6 Nd5 22.Qh4 Bc6
23.Ne5 Bd6 24.Nxc6 bxc6 25.Qg5 Kf8 26.f5 exf5 27.Bxf5 gxf5 28.Re1 Be5 29.Qg7+ Ke8
30.Qg8+ Kd7 31.Qxf7+ Kc8 32.Qe6+ Kb7 33.Qxe5 Qf7 34.Bg5 Re8 35.Qxf5 h4 36.c4 Rxe1+
37.Rxe1 Re8 38.Rxe8 Qxe8 39.Bxh4 Qe2 40.Qf2 Qxc4 41.h3 Qc1+ 42.Kh2 Ne3 43.g4 Nf1+
44.Kg2 Ne3+ 45.Kf3 Nd5 46.f7 Qf4+ 47.Kg2  1-0

[Event "RL-chA"]
[Site "Polch"]
[Date "1993.??.??"]
[Round "?"]
[White "Schneiders, Marcus"]
[Black "Michels, Achim"]
[Result "1-0"]
[WhiteElo "1940"]
[BlackElo "1955"]

1.e4 g6 2.d4 Bg7 3.Nc3 d6 4.f4 Nf6 5.Nf3 O-O 6.Bd3 Bg4 7.h3 Bxf3 8.Qxf3 Nc6
9.Be3 e5 10.dxe5 dxe5 11.f5 Nd4 12.Qf2 c5 13.O-O b6 14.Bc4 a6 15.fxg6 hxg6
16.Bg5 b5 17.Bxf6 Bxf6 18.Bd5 Bh4 19.g3 Bxg3 20.Qxg3  1-0

[Event "Police op"]
[Site "Police"]
[Date "1993.??.??"]
[Round "9"]
[White "Bednarska, Malgorzata"]
[Black "Urban, Klaudiusz"]
[Result "0-1"]
[WhiteElo "2180"]
[BlackElo "2450"]

1.e4 g6 2.d4 Bg7 3.Nc3 d6 4.Nf3 c6 5.Be2 Nf6 6.h3 O-O 7.Be3 b5 8.a3 Bb7 9.O-O Nbd7
10.e5 dxe5 11.dxe5 Nd5 12.Nxd5 cxd5 13.e6 Ne5 14.exf7+ Nxf7 15.Nd4 Qd6 16.f4 a6
17.c3 e5 18.fxe5 Nxe5 19.Bf4 Qb6 20.Kh1 Nc4 21.Rb1 Rae8 22.Bd3 Ne3 23.Bxe3 Rxe3
24.Rxf8+ Bxf8 25.Qf1 Qd6 26.Be2 Bg7 27.Rd1 Qg3 28.Bf3 Be5 29.Qg1 Bxd4 30.cxd4 Rxf3
31.gxf3 Qxh3+ 32.Qh2 Qxf3+ 33.Qg2 Qxd1+ 34.Kh2  0-1

[Event "POR-chT"]
[Site "?"]
[Date "1993.??.??"]
[Round "8"]
[White "Frois, Antonio"]
[Black "Ferreira, A."]
[Result "1-0"]
[WhiteElo "2380"]
[BlackElo "2305"]

1.d4 g6 2.e4 Bg7 3.Nc3 d6 4.Nf3 Nf6 5.Be2 O-O 6.O-O c6 7.h3 Nbd7 8.Bf4 Qa5
9.a4 e5 10.Be3 Qc7 11.dxe5 dxe5 12.a5 Rd8 13.Qc1 Nf8 14.Rd1 Rxd1+ 15.Qxd1 Ne6
16.Bc4 Bf8 17.Ng5 Nxg5 18.Bxg5 Bg7 19.Qd2 Be6 20.Bxe6 fxe6 21.Qe2 Rd8 22.Be3 Qb8
23.Qc4 Kf7 24.a6 bxa6 25.b3 Nd5 26.exd5 cxd5 27.Qxa6 e4 28.Qxa7+ Kg8 29.Bg5 Rf8
30.Qd7 Bxc3 31.Ra7  1-0

[Event "Porz Citroen-Cup"]
[Site "Porz"]
[Date "1993.??.??"]
[Round "4"]
[White "Watson, William N"]
[Black "Seul, Georg"]
[Result "1-0"]
[WhiteElo "2550"]
[BlackElo "2425"]

1.e4 d6 2.Nc3 g6 3.d4 Bg7 4.Be3 c6 5.Qd2 b5 6.O-O-O Nd7 7.e5 d5 8.h4 h5 9.e6 fxe6
10.Bd3 Nf8 11.Nf3 Nh6 12.Bxh6 Bxh6 13.Ng5 Qd6 14.Qe3 Bg7 15.f4 Bd7 16.Nf3 Bf6
17.Ne5 Rg8 18.Kb1 Rg7 19.Ne2 a5 20.Ng1 a4 21.Ngf3 a3 22.b3 Kd8 23.Rhe1 Be8
24.Bf1 Nd7 25.Nd3 Bf7 26.g3 Rc8 27.Nc5 Kc7 28.Bh3 Kb6 29.Ne5 Nf8 30.b4 Ra8
31.Rd3 Ra7 32.Rxa3 Qc7 33.Qc3 Rxa3 34.Qxa3 Qa7 35.Qxa7+ Kxa7 36.Nxc6+ Kb6
37.Ne5 Be8 38.Re3 Bxe5 39.dxe5 Bc6 40.Ra3  1-0

[Event "Porz Citroen-Cup"]
[Site "Porz"]
[Date "1993.??.??"]
[Round "8"]
[White "Kengis, Edvins"]
[Black "Seul, Georg"]
[Result "1/2-1/2"]
[WhiteElo "2560"]
[BlackElo "2425"]

1.e4 d6 2.d4 g6 3.Nc3 Bg7 4.Be2 Nf6 5.Nf3 O-O 6.O-O Bg4 7.Be3 Nc6 8.d5 Bxf3
9.Bxf3 Ne5 10.Be2 c6 11.a4 a5 12.f4 Ned7 13.Kh1 Qc7 14.Ra3 Nb6 15.Bd4 Nfd7
16.Bxg7 Kxg7 17.Qd4+ Kg8 18.Bg4 Rae8 19.Raa1 e5 20.dxe6 fxe6 21.Rad1 e5 22.Qxd6 Qxd6
23.Rxd6 Nc5 24.b3 exf4 25.Rd4 Re7 26.Kg1 Nbd7 27.Bxd7 Nxd7 28.e5 f3 29.Rxf3 Rxf3
30.gxf3 Nxe5  1/2-1/2

[Event "CRO-Cup"]
[Site "Pula"]
[Date "1993.??.??"]
[Round "4"]
[White "Stadler, Brigita"]
[Black "Vukovic, Zeljka"]
[Result "0-1"]
[WhiteElo "2095"]
[BlackElo "2055"]

1.e4 d6 2.Nc3 g6 3.d4 Bg7 4.Be3 c6 5.Qd2 b5 6.Nge2 a6 7.h4 h5 8.Nf4 Nf6 9.f3 Qc7
10.Be2 Nbd7 11.Nd3 Nb6 12.b3 Nfd7 13.Rd1 Bb7 14.a4 bxa4 15.Nxa4 Nxa4 16.bxa4 c5
17.d5 Nb6 18.Qa5 Nxd5 19.Qxc7 Nxc7 20.e5 c4 21.Nb4 Bxe5 22.Bxc4 Bc3+ 23.Bd2 Bxd2+
24.Rxd2 O-O 25.Kf2 Rfc8 26.Re1 Kf8 27.g4 Ne8 28.Bb3 Nf6 29.g5 Nd7 30.Bd5 Bxd5
31.Nxd5 e6 32.Nf4 Rc6 33.Red1 d5 34.Ne2 Rc4 35.Nd4 Rxa4 36.f4 Nc5 37.Re2 Ne4+
38.Rxe4 dxe4 39.Ke3 Rc8  0-1

[Event "CRO-Cup"]
[Site "Pula"]
[Date "1993.??.??"]
[Round "5"]
[White "Hresc, Vladimir"]
[Black "Dizdarevic, Emir"]
[Result "1/2-1/2"]
[WhiteElo "2385"]
[BlackElo "2540"]

1.e4 g6 2.d4 Bg7 3.Nc3 d6 4.Be3 c6 5.Qd2 Qa5 6.Nf3 Nf6 7.h3 O-O 8.Bd3 Nbd7
9.O-O Re8 10.Nd5 Qd8 11.Nxf6+ Nxf6 12.Bh6 e5 13.Bxg7 Kxg7 14.Rae1 Nh5 15.dxe5 dxe5
16.Qc3 Qf6 17.Re3 Nf4 18.Rd1 h5 19.Bf1  1/2-1/2

[Event "CRO-Cup"]
[Site "Pula"]
[Date "1993.??.??"]
[Round "6"]
[White "Galic, Kruno"]
[Black "Nurkic, Sahbaz"]
[Result "0-1"]
[WhiteElo "2265"]
[BlackElo "2425"]

1.e4 g6 2.d4 Bg7 3.Nc3 d6 4.Nf3 Nf6 5.Be2 O-O 6.O-O Nc6 7.d5 Nb8 8.Re1 c6
9.a4 h6 10.Nd4 c5 11.Nf3 e5 12.Nd2 Nbd7 13.Nc4 Nb6 14.Ne3 Ne8 15.a5 Nd7 16.a6 b6
17.Bb5 Nc7 18.Bc6 Rb8 19.Nb5 Nxb5 20.Bxb5 f5 21.exf5 gxf5 22.Qh5 Nf6 23.Qg6 Nh7
24.Ra3 Kh8 25.Nf1 Rf6 26.Qh5 Qg8 27.Rd1 f4 28.f3 Bf5 29.Rd2 Rbf8 30.Bd3 Bxd3
31.Raxd3 Rf5 32.Qh4 Ng5 33.Rd1 c4 34.Rc3 b5 35.Nd2 Qxd5  0-1

[Event "CRO-Cup"]
[Site "Pula"]
[Date "1993.??.??"]
[Round "7"]
[White "Leventic, Ivan"]
[Black "Kosanski, Stanko"]
[Result "1/2-1/2"]
[WhiteElo "2405"]
[BlackElo "2415"]

1.e4 g6 2.d4 Bg7 3.Nc3 d6 4.Nf3 Nd7 5.Bc4 e6 6.Bg5 Ne7 7.Qd2 h6 8.Be3 a6
9.a4 b6 10.O-O Bb7 11.h3 Nf6 12.Bd3 d5 13.exd5 Nexd5 14.Nxd5 Nxd5 15.Be4 Nxe3
16.Qxe3 Bxe4 17.Qxe4 O-O 18.c3 Qd5 19.Qxd5 exd5 20.Rfe1 Rfe8 21.Ne5 a5 22.Nc6 Kf8
23.Kf1 Bf6 24.g3 h5 25.f4 Bg7 26.Kf2 Bf6 27.Kf3 Rxe1 28.Rxe1 Re8 29.Re3 Rxe3+
30.Kxe3 Ke8 31.b4 Kd7 32.b5 Ke6 33.Ne5 Be7 34.Kd3 Bd6 35.c4 dxc4+ 36.Kxc4 g5
37.Kd3 gxf4 38.gxf4 Bb4 39.Kc4 Be1 40.d5+ Ke7 41.Kd4 Bg3 42.Nd3 Bh2  1/2-1/2

[Event "Quebec Inv"]
[Site "Quebec"]
[Date "1993.??.??"]
[Round "4"]
[White "O'Donnell, Tom"]
[Black "Levtchouk, George"]
[Result "1-0"]
[WhiteElo "2390"]
[BlackElo "2330"]

1.e4 g6 2.d4 Bg7 3.Nc3 d6 4.Be3 a6 5.Qd2 Nd7 6.f3 b5 7.Nge2 c5 8.dxc5 Nxc5
9.O-O-O Bb7 10.Kb1 Rc8 11.h4 h5 12.g3 Nf6 13.Bh3 Ncd7 14.Nd5 Rb8 15.Ba7 Ra8
16.Bd4 Bxd5 17.exd5 Nb6 18.Nf4 Kf8 19.g4 Qc7 20.Qd3 hxg4 21.fxg4 Rxh4 22.Qf3 g5
23.Ng2 Rh6 24.Ne3 Rc8 25.c3 Rg6 26.Bf1 Nc4 27.Bd3 Rh6 28.Rxh6 Bxh6 29.Bxc4 bxc4
30.Bxf6 exf6 31.Nf5  1-0

[Event "Quebec Inv"]
[Site "Quebec"]
[Date "1993.??.??"]
[Round "6"]
[White "Leveille, Francois"]
[Black "Levtchouk, George"]
[Result "0-1"]
[WhiteElo "2345"]
[BlackElo "2330"]

1.e4 g6 2.d4 Bg7 3.Nc3 d6 4.f4 Nc6 5.Be3 Nf6 6.Be2 e6 7.Qd2 Ne7 8.O-O-O a6
9.e5 Nfd5 10.Nxd5 Nxd5 11.c4 Nxe3 12.Qxe3 O-O 13.h4 Qe7 14.h5 b5 15.Bf3 Rb8
16.c5 b4 17.Kb1 Rd8 18.c6 a5 19.Be4 f5 20.exf6 Qxf6 21.hxg6 h6 22.Nf3 Ba6
23.Ng5 b3 24.Nh7 bxa2+ 25.Ka1 Qe7 26.Bd5 Re8 27.Rde1 exd5 28.Qf2 Qe2 29.Rxe2 Rxe2
30.Qh4 Rexb2 31.Nf6+ Kh8 32.Rc1 Bc4 33.Rxc4 dxc4 34.Nd7 Rd2  0-1

[Event "Quebec Inv"]
[Site "Quebec"]
[Date "1993.??.??"]
[Round "9"]
[White "Ross, David"]
[Black "Levtchouk, George"]
[Result "1/2-1/2"]
[WhiteElo "2310"]
[BlackElo "2330"]

1.d4 g6 2.e4 Bg7 3.Nc3 d6 4.Nf3 Nf6 5.Be2 O-O 6.O-O Bg4 7.Be3 Nc6 8.Qd2 e5
9.dxe5 dxe5 10.Rad1 Qxd2  1/2-1/2

[Event "Reykjavik op"]
[Site "Reykjavik"]
[Date "1993.??.??"]
[Round "1"]
[White "Hansson, Dan"]
[Black "Asanov, Bolat"]
[Result "1/2-1/2"]
[WhiteElo "2250"]
[BlackElo "2405"]

1.e4 d6 2.d4 g6 3.Nc3 Bg7 4.Be3 a6 5.h3 b5 6.Qd2 Nd7 7.a4 b4 8.Nd1 c5 9.dxc5 dxc5
10.Bc4 Bb7 11.f3 Qc7 12.c3 Ne5 13.Be2 Rd8 14.Qc2 bxc3 15.bxc3 c4 16.Nf2 Nd3+
17.Kf1 Nf6 18.Nxd3 cxd3 19.Bxd3 Nh5 20.Ne2 O-O 21.Kf2 e5 22.Rab1 Rd7 23.Rhd1 Nf4
24.Bb6 Nxd3+ 25.Rxd3 Qc6 26.a5 Rxd3 27.Qxd3 f5 28.exf5 e4 29.Qxe4 Qxe4 30.fxe4 Bxe4
31.Rb4 Rxf5+ 32.Kg1 Bd3 33.Nf4 Bb5 34.g4 Bxc3 35.gxf5 Bxb4 36.fxg6 hxg6 37.Nxg6 Bd6
38.Kf2 Bd7  1/2-1/2

[Event "ISD-FRA"]
[Site "Reykjavik"]
[Date "1993.??.??"]
[Round "4"]
[White "Koch, Jean Rene"]
[Black "Petursson, Margeir"]
[Result "1/2-1/2"]
[WhiteElo "2450"]
[BlackElo "2560"]

1.e4 g6 2.d4 Bg7 3.Nc3 d6 4.Be3 a6 5.h3 b5 6.Bd3 Nd7 7.a4 b4 8.Nce2 Ngf6
9.Nf3 Bb7 10.Ng3 c5 11.c3 Qa5 12.cxb4 Qxb4+ 13.Bd2 Qb6 14.Bc3 cxd4 15.Bxd4 Qa5+
16.Bc3 Qd8 17.O-O O-O 18.b4 e5 19.Re1 Rc8 20.Rc1 d5 21.Qe2 Qb6 22.a5 Qd6
23.Red1 Rc7 24.Bd2 Rfc8 25.Rxc7 Rxc7 26.exd5 h6 27.h4  1/2-1/2

[Event "Reykjavik op"]
[Site "Reykjavik"]
[Date "1993.??.??"]
[Round "5"]
[White "Pliester, Leon"]
[Black "Karlsson, Agust S"]
[Result "0-1"]
[WhiteElo "2385"]
[BlackElo "2280"]

1.d4 g6 2.e4 Bg7 3.Nc3 d6 4.Nf3 Nf6 5.Be2 O-O 6.O-O c5 7.d5 Na6 8.h3 Nc7
9.a4 Rb8 10.Rb1 a6 11.b4 Nd7 12.Na2 cxb4 13.Nxb4 a5 14.Nd3 Nf6 15.Nd2 Bd7
16.c4 Qe8 17.f4 Bxa4 18.Qe1 b5 19.c5 Bc2 20.cxd6 exd6 21.Rb2 Ba4 22.Bf3 Qd7
23.Qh4 b4 24.e5 Nfxd5 25.Ne4 Bb5 26.Rd1 Bxd3 27.Rxd3 dxe5 28.fxe5 Bxe5 29.Ng5 f6
30.Rxd5 Nxd5 31.Bxd5+ Kh8 32.Qe4 Rbe8 33.Rf2 Bh2+ 34.Kxh2 Rxe4 35.Bxe4 Qd4
36.Rf3 h6 37.Be3 Qe5+ 38.Bf4 Qe7  0-1

[Event "ISD-FRA"]
[Site "Reykjavik"]
[Date "1993.??.??"]
[Round "8"]
[White "Apicella, Manuel"]
[Black "Petursson, Margeir"]
[Result "1-0"]
[WhiteElo "2495"]
[BlackElo "2560"]

1.e4 g6 2.d4 Bg7 3.Nc3 d6 4.Nf3 c6 5.a4 Nf6 6.Be2 Nbd7 7.e5 Nd5 8.Nxd5 cxd5
9.exd6 exd6 10.O-O O-O 11.c3 h6 12.Qb3 Nf6 13.Ne1 Re8 14.Bf3 Rb8 15.Nc2 Be6
16.Ne3 Qa5 17.Qb5 b6 18.Be2 Bd7 19.Qxd7 Nxd7 20.b4 Bxd4 21.bxa5 Bxc3 22.Ra3 Bb4
23.Rd3 Bxa5 24.Rxd5 Nc5 25.Rxd6 Nxa4 26.Bb5  1-0

[Event "Reykjavik op"]
[Site "Reykjavik"]
[Date "1993.??.??"]
[Round "9"]
[White "Thorhallsson, Throstur"]
[Black "Karlsson, Agust S"]
[Result "1-0"]
[WhiteElo "2430"]
[BlackElo "2280"]

1.d4 g6 2.e4 Bg7 3.Nc3 d6 4.f4 Nf6 5.Nf3 O-O 6.Bd3 Nc6 7.e5 dxe5 8.fxe5 Nh5
9.Be3 Bg4 10.Bc4 Bxf3 11.Qxf3 Na5 12.Be2 f6 13.Qe4 fxe5 14.O-O-O Qd6 15.Nb5 Qc6
16.d5 Qd7 17.Qb4 b6 18.Bg4 c5 19.dxc6 Qxc6 20.Bf3 Rxf3 21.gxf3 Bf6 22.Qe4 Qc8
23.Nc7 Rb8 24.Nd5 Qe6 25.b3 Bg7 26.Qg4 Qd6 27.Kb1 Nc6 28.Nxe7+ Qxe7 29.Qc4+ Kh8
30.Qxc6 Qf8 31.Qd6 Qg8 32.Bc1 Rf8 33.Bb2 Rf5 34.Rhe1 Rxf3 35.Bxe5 Nf6 36.Qe7  1-0

[Event "LAT-ch"]
[Site "Riga"]
[Date "1993.??.??"]
[Round "?"]
[White "Berzinsh, Roland"]
[Black "Lutskan, Ilmars"]
[Result "1/2-1/2"]
[WhiteElo "2395"]
[BlackElo "2330"]

1.e4 g6 2.d4 Bg7 3.Nc3 d6 4.Be2 c6 5.Nf3 b5 6.a3 a6 7.O-O Nd7 8.Bg5 Qc7 9.Qd2 Ngf6
10.Rfe1 h6 11.Be3 Bb7 12.e5 dxe5 13.Nxe5 Nxe5 14.dxe5 Qxe5 15.Bf3 Qf5 16.Bb6 Qd7
17.Qf4 O-O 18.Rad1 Nd5 19.Qd2 Rfe8 20.Ne4 e6 21.Bd4 e5 22.Be3 Qe7 23.Bxh6 f5
24.Bg5 Qf8 25.Nc3 e4 26.Be2 Rac8 27.Nxd5 cxd5 28.c3 Rc7 29.Qe3 Be5 30.Bf4 Qd6
31.Bxe5 Qxe5 32.f4 Qf6 33.Rd4 Rd8 34.Red1 Kg7 35.Rb4 Rd6 36.Ra1 Rcd7 37.Rd1 Bc6
38.Qc5 Qd8 39.Qd4+ Kf7 40.Qe3 Qf6 41.Rbd4 Bb7 42.R1d2 Rd8 43.Bd1 Bc8 44.g3 Be6
45.Rb4 Kg7 46.Be2 Bf7 47.Rd1 Be8 48.Kf2 Kg8 49.Qd4 Qxd4+ 50.Rbxd4 Kf7 51.Ke3 Ke6
52.Ra1 Bd7 53.h4 a5 54.Rad1 Bc6 55.Rh1 Rh8 56.Rh2 Rd7 57.Rd1 Rdh7 58.Bf1 Rg7
59.Rhd2 Rb7 60.Rd4  1/2-1/2

[Event "Rostov op"]
[Site "Rostov"]
[Date "1993.??.??"]
[Round "?"]
[White "Kulish, Irina"]
[Black "Belov, Igor"]
[Result "1-0"]
[WhiteElo "2170"]
[BlackElo "2440"]

1.e4 d6 2.d4 g6 3.Nc3 Bg7 4.Be3 c6 5.h3 Nf6 6.f4 O-O 7.Qf3 Qa5 8.O-O-O d5
9.e5 Ne4 10.Nge2 f5 11.exf6 exf6 12.Kb1 Na6 13.Bd2 Nxd2+ 14.Rxd2 Nc7 15.g4 f5
16.Bg2 Nb5 17.Rd3 Nd6 18.Ng3 Ne4 19.gxf5 Nxc3+ 20.Rxc3 Bxf5 21.Rd1 Rae8 22.Re3 Bd7
23.c3 Qc7 24.Rxe8 Bxe8 25.Rf1 Bd7 26.a3 Bh6 27.Ne2 Bf5+ 28.Ka2 Qf7 29.h4 Kh8
30.Bh3 a5 31.h5 gxh5 32.Bxf5 Qxf5 33.Rh1 Bxf4 34.Rf1 Qc2 35.Nxf4 Rf5 36.Qg3 h6
37.Ng6+ Kh7 38.Rxf5 Qxf5 39.Ne5 a4 40.Qg2 h4 41.Qh2 h3 42.Qg3 Qc2 43.Qf3 h2
44.Ng4 Kg6 45.Qh1 Kg5 46.Nxh2 h5 47.Nf3+ Kf4 48.Ne5 Kg3 49.Qxh5  1-0